000 01424 a2200217 4500
001 30095
005 20260407155612.0
008 260407a1994 arg spa d
003 AR-UNSa-BCEJYS
040 _aAR-UNSa-BCEJYS
_bspa
_cAR-UNSa-BCEJYS
080 _a657(083)
_xResoluciones Técnicas Contables. Informes
245 1 0 _aNormativa, fundamentos y aplicación del modelo de valuación
_pnivel básico
020 _a950-866-003-1
264 1 _aBuenos Aires :
_bReisa
_c1994
300 _a76 p.
_c28 cm.
505 _a1. Aspectos introductorios - 2. Fundamentos conceptuales - 3. El modelo contable de la RTNº 10 - 4. Caja y bancos, colocaciones de fondos, préstamos, créditos y pasivos ( en moneda argentina) - 5. Caja y bancos, colocaciones de fondos, préstamos, créditos y pasivos ( en moneda extranjera) - 6. Colocaciones de fondos, préstamos, créditos y pasivos ( sujeto a ajuste o indexación)- 7. Bienes de cambio - 8. Inversiones corrientes con cotización en bolsas o mercados de valores - 9. Participaciones permanentes en sociedades controladas - 10. Participaciones permanentes en sociedades controladas( con influencia significativa)- 11. Participaciones permanentes en sociedades ( sin influencia significativa) - 12. Bienes de uso e inversiones en bienes de naturaleza similar.
041 _aspa
942 _cBK
590 _aniveau_biblio:m niveau_hierar:0
100 1 _aSenderovich, Pablo David
999 _c2020
_d2020